00639nam a2200169 i 450000100060000000300090000600500170001500700030003200800410003510000210007624501460009726000340024330000220027785200320029999900170033195201210034883556ES-MaACL20230906174842.0t|041117s1958 sp ||||1| spa d1 aIs-Orval.96550813aEl misterio de la vida jesuítica b: esbozos biográficos de una vanguardia a través de sus soldados casi anónimos / cIs-Orval, seud. aPamplona : bGómez, c1958. a402 p. ; c19 cm. aES-MaACLjC-13893 bR.41978 c83556d83556 00104070aATENEOMbATENEOMcSPALd2008-01-17eSCl0oC-13893p1087330r2023-02-23 00:00:00w2023-02-23yMONOGRAFIA